| 000 -LEADER |
| fixed length control field |
01342pab a2200181 454500 |
| 008 - FIXED-LENGTH DATA ELEMENTS--GENERAL INFORMATION |
| fixed length control field |
180718b2002 xxu||||| |||| 00| 0 eng d |
| 100 ## - MAIN ENTRY--PERSONAL NAME |
| Personal name |
Outshoorn, Joyce |
| 245 ## - TITLE STATEMENT |
| Title |
Gendering the "graying" of society" a discourse analysis of the care gap |
| 260 ## - PUBLICATION, DISTRIBUTION, ETC. |
| Date of publication, distribution, etc. |
2002 |
| 300 ## - PHYSICAL DESCRIPTION |
| Extent |
p.185-95. |
| 362 ## - DATES OF PUBLICATION AND/OR SEQUENTIAL DESIGNATION |
| Dates of publication and/or sequential designation |
Mar-Apr |
| 520 ## - SUMMARY, ETC. |
| Summary, etc. |
This article analyzes to what extent the "care-gap" -that is, too few carers looking after increasing numbers of the elderly-has become part of the problem definition of the demographic shift in the Netherlands in reports of the major scientific policy advisor to the government. Do these reports still assume a gender order in which women are informal carers and men are breadwinners? What notions about gender are circulating, and is the gender order challenged by policy recommendations? With a framework for gender-discourse analysis, the author shows that, despite increasing awareness of the care gap, the problem definition remains framed as the costs of collective provision of health care and pensions. Recommendations still assume that women will continue to provide informal care while they also enter the labor market to maintain collective provisions. - Reproduced. |
| 650 ## - SUBJECT ADDED ENTRY--TOPICAL TERM |
| Topical term or geographic name entry element |
Old age |
| 650 ## - SUBJECT ADDED ENTRY--TOPICAL TERM |
| Topical term or geographic name entry element |
Elderly |
| 650 ## - SUBJECT ADDED ENTRY--TOPICAL TERM |
| Topical term or geographic name entry element |
Health services |
| 773 ## - HOST ITEM ENTRY |
| Main entry heading |
Public Administration Review |
| 909 ## - |
| -- |
53061 |